<?xml version="1.0" encoding="UTF-8"?>
<record
    xmlns:xsi="http://www.w3.org/2001/XMLSchema-instance"
    xsi:schemaLocation="http://www.loc.gov/MARC21/slim http://www.loc.gov/standards/marcxml/schema/MARC21slim.xsd"
    xmlns="http://www.loc.gov/MARC21/slim">

  <leader>00510nam a22001577a 4500</leader>
  <controlfield tag="003">OSt</controlfield>
  <controlfield tag="005">20151001102535.0</controlfield>
  <controlfield tag="008">151001b        xxu||||| |||| 00| 0 eng d</controlfield>
  <datafield tag="040" ind1=" " ind2=" ">
    <subfield code="c">RUA</subfield>
  </datafield>
  <datafield tag="082" ind1=" " ind2=" ">
    <subfield code="a">AVM &#x179F;&#x17D2;&#x179A;&#x17C1;&#x1784; 1993 B067 Or.1</subfield>
  </datafield>
  <datafield tag="100" ind1=" " ind2=" ">
    <subfield code="9">1661</subfield>
    <subfield code="a">&#x179F;&#x17D2;&#x179A;&#x17C1;&#x1784;&#x200B;&#x179F;&#x17BB;&#x1781;&#x179F;&#x17C1;&#x1784;&#x200B;</subfield>
  </datafield>
  <datafield tag="245" ind1=" " ind2=" ">
    <subfield code="a">&#x179C;&#x17B7;&#x1792;&#x17B6;&#x1793;&#x1780;&#x17B6;&#x179A;&#x178E;&#x17CD;&#x1780;&#x17B6;&#x179A;&#x1796;&#x17B6;&#x179A; &#x1793;&#x17B7;&#x1784; &#x1796;&#x17D2;&#x1799;&#x17B6;&#x1794;&#x17B6;&#x179B;&#x1787;&#x1798;&#x17D2;&#x1784;&#x17BA; Demoex bovis,</subfield>
  </datafield>
  <datafield tag="260" ind1=" " ind2=" ">
    <subfield code="a">phnom penh </subfield>
    <subfield code="b">RUA </subfield>
    <subfield code="c">1993 </subfield>
  </datafield>
  <datafield tag="300" ind1=" " ind2=" ">
    <subfield code="a">70p.</subfield>
    <subfield code="b">ill.</subfield>
    <subfield code="c">29cm.</subfield>
  </datafield>
  <datafield tag="942" ind1=" " ind2=" ">
    <subfield code="2">ddc</subfield>
    <subfield code="c">AVM</subfield>
  </datafield>
  <datafield tag="999" ind1=" " ind2=" ">
    <subfield code="c">1566</subfield>
    <subfield code="d">1566</subfield>
  </datafield>
  <datafield tag="952" ind1=" " ind2=" ">
    <subfield code="0">0</subfield>
    <subfield code="1">0</subfield>
    <subfield code="2">ddc</subfield>
    <subfield code="4">0</subfield>
    <subfield code="6">AVM_&#x179F;&#x179A;&#x17C1;&#x1784;_1993_000000000000000_B067_OR_1</subfield>
    <subfield code="7">0</subfield>
    <subfield code="9">7023</subfield>
    <subfield code="a">LBB</subfield>
    <subfield code="b">LBB</subfield>
    <subfield code="c">B067</subfield>
    <subfield code="d">2015-10-01</subfield>
    <subfield code="o">AVM &#x179F;&#x17D2;&#x179A;&#x17C1;&#x1784; 1993 B067 Or.1</subfield>
    <subfield code="p">RUA007435</subfield>
    <subfield code="r">2015-10-01</subfield>
    <subfield code="w">2015-10-01</subfield>
    <subfield code="y">AVM</subfield>
  </datafield>
  <datafield tag="952" ind1=" " ind2=" ">
    <subfield code="0">0</subfield>
    <subfield code="1">0</subfield>
    <subfield code="2">ddc</subfield>
    <subfield code="4">0</subfield>
    <subfield code="6">AVM_&#x179F;&#x179A;&#x17C1;&#x1784;_1993_000000000000000_B067_OR_2</subfield>
    <subfield code="7">0</subfield>
    <subfield code="9">7024</subfield>
    <subfield code="a">LBB</subfield>
    <subfield code="b">LBB</subfield>
    <subfield code="c">B067</subfield>
    <subfield code="d">2015-10-01</subfield>
    <subfield code="o">AVM &#x179F;&#x17D2;&#x179A;&#x17C1;&#x1784; 1993 B067 Or.2</subfield>
    <subfield code="p">RUA007530</subfield>
    <subfield code="r">2015-10-01</subfield>
    <subfield code="w">2015-10-01</subfield>
    <subfield code="y">AVM</subfield>
  </datafield>
  <datafield tag="952" ind1=" " ind2=" ">
    <subfield code="0">0</subfield>
    <subfield code="1">0</subfield>
    <subfield code="2">ddc</subfield>
    <subfield code="4">0</subfield>
    <subfield code="6">AVM_&#x179F;&#x179A;&#x17C1;&#x1784;_1993_000000000000000_B067_OR_3</subfield>
    <subfield code="7">0</subfield>
    <subfield code="9">7025</subfield>
    <subfield code="a">LBB</subfield>
    <subfield code="b">LBB</subfield>
    <subfield code="c">B067</subfield>
    <subfield code="d">2015-10-01</subfield>
    <subfield code="o">AVM &#x179F;&#x17D2;&#x179A;&#x17C1;&#x1784; 1993 B067 Or.3</subfield>
    <subfield code="p">RUA007037</subfield>
    <subfield code="r">2015-10-01</subfield>
    <subfield code="w">2015-10-01</subfield>
    <subfield code="y">AVM</subfield>
  </datafield>
  <datafield tag="952" ind1=" " ind2=" ">
    <subfield code="0">0</subfield>
    <subfield code="1">0</subfield>
    <subfield code="2">ddc</subfield>
    <subfield code="4">0</subfield>
    <subfield code="6">AVM_&#x179F;&#x179A;&#x17C1;&#x1784;_1993_000000000000000_B067_OR_4</subfield>
    <subfield code="7">0</subfield>
    <subfield code="9">7026</subfield>
    <subfield code="a">LBB</subfield>
    <subfield code="b">LBB</subfield>
    <subfield code="c">B067</subfield>
    <subfield code="d">2015-10-01</subfield>
    <subfield code="o">AVM &#x179F;&#x17D2;&#x179A;&#x17C1;&#x1784; 1993 B067 Or.4</subfield>
    <subfield code="p">RUA008015</subfield>
    <subfield code="r">2015-10-01</subfield>
    <subfield code="w">2015-10-01</subfield>
    <subfield code="y">AVM</subfield>
  </datafield>
  <datafield tag="952" ind1=" " ind2=" ">
    <subfield code="0">0</subfield>
    <subfield code="1">0</subfield>
    <subfield code="2">ddc</subfield>
    <subfield code="4">0</subfield>
    <subfield code="6">AVM_&#x179F;&#x179A;&#x17C1;&#x1784;_1993_000000000000000_B067_OR_5</subfield>
    <subfield code="7">0</subfield>
    <subfield code="9">7027</subfield>
    <subfield code="a">LBB</subfield>
    <subfield code="b">LBB</subfield>
    <subfield code="c">B067</subfield>
    <subfield code="d">2015-10-01</subfield>
    <subfield code="o">AVM &#x179F;&#x17D2;&#x179A;&#x17C1;&#x1784; 1993 B067 Or.5</subfield>
    <subfield code="p">RUA008373</subfield>
    <subfield code="r">2015-10-01</subfield>
    <subfield code="w">2015-10-01</subfield>
    <subfield code="y">AVM</subfield>
  </datafield>
  <datafield tag="952" ind1=" " ind2=" ">
    <subfield code="0">0</subfield>
    <subfield code="1">0</subfield>
    <subfield code="2">ddc</subfield>
    <subfield code="4">0</subfield>
    <subfield code="6">AVM_&#x179F;&#x179A;&#x17C1;&#x1784;_1993_000000000000000_B067_OR_6</subfield>
    <subfield code="7">0</subfield>
    <subfield code="9">7028</subfield>
    <subfield code="a">LBB</subfield>
    <subfield code="b">LBB</subfield>
    <subfield code="c">B067</subfield>
    <subfield code="d">2015-10-01</subfield>
    <subfield code="o">AVM &#x179F;&#x17D2;&#x179A;&#x17C1;&#x1784; 1993 B067 Or.6</subfield>
    <subfield code="p">RUA008233</subfield>
    <subfield code="r">2015-10-01</subfield>
    <subfield code="w">2015-10-01</subfield>
    <subfield code="y">AVM</subfield>
  </datafield>
  <datafield tag="952" ind1=" " ind2=" ">
    <subfield code="0">0</subfield>
    <subfield code="1">0</subfield>
    <subfield code="2">ddc</subfield>
    <subfield code="4">0</subfield>
    <subfield code="6">AVM_&#x179F;&#x179A;&#x17C1;&#x1784;_1993_000000000000000_B067_OR_7</subfield>
    <subfield code="7">0</subfield>
    <subfield code="9">7029</subfield>
    <subfield code="a">LBB</subfield>
    <subfield code="b">LBB</subfield>
    <subfield code="c">B067</subfield>
    <subfield code="d">2015-10-01</subfield>
    <subfield code="o">AVM &#x179F;&#x17D2;&#x179A;&#x17C1;&#x1784; 1993 B067 Or.7</subfield>
    <subfield code="p">RUA008229</subfield>
    <subfield code="r">2015-10-01</subfield>
    <subfield code="w">2015-10-01</subfield>
    <subfield code="y">AVM</subfield>
  </datafield>
  <datafield tag="952" ind1=" " ind2=" ">
    <subfield code="0">0</subfield>
    <subfield code="1">0</subfield>
    <subfield code="2">ddc</subfield>
    <subfield code="4">0</subfield>
    <subfield code="6">AVM_&#x179F;&#x179A;&#x17C1;&#x1784;_1993_000000000000000_B067_OR_8</subfield>
    <subfield code="7">0</subfield>
    <subfield code="9">7030</subfield>
    <subfield code="a">LBB</subfield>
    <subfield code="b">LBB</subfield>
    <subfield code="c">B067</subfield>
    <subfield code="d">2015-10-01</subfield>
    <subfield code="o">AVM &#x179F;&#x17D2;&#x179A;&#x17C1;&#x1784; 1993 B067 Or.8</subfield>
    <subfield code="p">RUA007054</subfield>
    <subfield code="r">2015-10-01</subfield>
    <subfield code="w">2015-10-01</subfield>
    <subfield code="y">AVM</subfield>
  </datafield>
</record>
